000
00330nam a22001217a 4500
003
SGT
082
_a
070
_b
H99N
100
_a
नारायण, विनीत
245
_a
हवाला के देश द्रोही
260
_b
अरुणोदय प्रकाशन
_c
1999
300
_a
295
942
_2
ddc
_c
BK
999
_c
31957
_d
31957